Detalles MARC
| 000 -LIDER |
| fixed length control field |
01090nam a2200337 a 4500 |
| 001 - NÚMERO DE CONTROL |
| Identificador de número de control |
000021807 |
| 003 - IDENTIFICACDOR DE NÚMERO DE CONTROL |
| control field |
DO-SdBNP |
| 005 - DATE AND TIME OF LATEST TRANSACTION |
| control field |
20221128120923.0 |
| 008 - ELEMENTOS DE LONGITUD FIJA |
| fixed length control field |
100913s1978 dr a 000 0 spa d |
| 020 ## - ISBN |
| Qualifying information |
|
| 022 ## - ISSN |
| Source |
|
| International Standard Serial Number |
|
| 024 ## - INDENTIFICADOR DE OTRA NORMA |
| Source of number or code |
|
| Standard number or code |
|
| Terms of availability |
|
| Additional codes following the standard number or code |
|
| Qualifying information |
|
| 027 ## - NÚMERO NORMALIZADO DE REPORTE TÉCNICO |
| Qualifying information |
|
| 028 ## - NÚMERO DE EDITOR MUSICAL |
| Publisher number |
|
| 040 ## - FUENTE DE CATALOGACIÓN |
| Agencia que crea de manera original el registro |
DO-SdBNP |
| Idioma de catalogación |
spa |
| Agencia que realiza la transcripción |
BPMSU |
| 082 ## - NÚMERO DE CLASIFICACIÓN DECIMAL DE DEWEY |
| Classification number |
930.1097293 |
| Item number |
O77a 1978 |
| Edition number |
22 |
| 100 1# - ASIENTO PRINCIPAL -- NOMBRE PERSONAL |
| Nombre personal |
Ortega, Elpidio |
| 245 10 - MENCIÓN DE TITULO |
| Título |
Arqueología de los monumentos históricos de Santo Domingo / |
| Mención de responsabilidad |
Elpidio Ortega , Carmen Fondeur. |
| 260 ## - PUBLICACIÓN, DISTRIBUCIÓN, ETC. (PIE DE IMPRENTA) |
| Lugar de publicación, distribución, etc |
San Pedro de Macorís : |
| Nombre del editor, distribuidor, etc. |
UCE, |
| Fecha de publicación, distribución, etc |
1978. |
| 300 ## - DESCRIPCIÓN FÍSICA |
| Extensión |
241 p. : |
| Otros detalles físicos |
il. ; |
| Dimensiones |
23 cm. |
| 500 ## - NOTA GENERAL |
| Nota general |
Incluye notas al pie de páginas |
| 504 ## - NOTA DE BIBLIOGRAFÍA, ETC. |
| Bibliography, etc |
Bibliografías : p. 237-241 |
| 590 ## - NOTA LOCAL |
| Enlace |
Inventariado, 2022/VM |
| 650 #4 - ENCABEZAMIENTO DE MATERIA--TEMÁTICO |
| Término temático o nombre geográfico como elemento de entrada |
Monumentos historicos |
| Subdivisión geográfica |
Santo Domingo (República Dominicana) |
| 650 #4 - ENCABEZAMIENTO DE MATERIA--TEMÁTICO |
| Término temático o nombre geográfico como elemento de entrada |
Excavaciones arqueológicas |
| Subdivisión temática general |
Historia |
| Subdivisión geográfica |
Santo Domingo (República Dominicana) |
| 650 #4 - ENCABEZAMIENTO DE MATERIA--TEMÁTICO |
| Término temático o nombre geográfico como elemento de entrada |
Ceramica |
| Subdivisión geográfica |
Santo Domingo (República Dominicana) |
| Lugar del evento |
|
| 710 2# - ASIENTO SECUNDARIO -- NOMBRE CORPORATIVO |
| Nombre corporativo o de jurisdicción |
Universidad Central del Este |
| 900 ## - EQUIVALENCIA O REFERENCIA CRUZADA NOMBRE PERSONAL [LOCAL, REPÚBLICA DOMINICANA] |
| Numeración |
|
| 910 ## - VALIDACIÓN |
| Validación |
VMateo V./Validado |
| 942 ## - ADDED ENTRY ELEMENTS (KOHA) |
| Source of classification or shelving scheme |
Dewey Decimal Classification |
| Koha item type |
Libros |